00635nam a2200157Ia 4500008004100000082001500041100001600056245006600072260002600138300000800164630006600172730006600238942000900304999001900313952014500332100122s9999 xx 000 0 und d b67104a823 aGARDNER E S aTHE CASE OF THE VELVET CLAWS ( THE FIRST PERRY MASON MYSTERY) bBALLANINE BOOKSc1985 a215 aTHE CASE OF THE VELVET CLAWS ( THE FIRST PERRY MASON MYSTERY) aTHE CASE OF THE VELVET CLAWS ( THE FIRST PERRY MASON MYSTERY) cBOOK c380773d380770 00104070aSVPPARLEbSVPPARLEd2005-03-20g70.00l0o67104pSVPPARLE-67104r2010-01-25 00:00:00v70.00w2010-01-25yBOOKz", , General, NA"